00627nam a22001697a 450000500170000001000150001702000110003203500130004303700130005608200080006910000430007724500970012026000920021727000920030930000530040171000030045420230905172026.0 aHIN-125826 c250.00 aHN-98172 bDBAD/PUB a821 aजैन,देवेन्द्र  aअविनश्वर का चुम्बन /bदेवेन्द्र जैन aमध्य प्रदेश bआदिनाथ प्रिंटर्स c2021 a355 अरिहंत विहार कालोनी bविदिशा e464001 a108पृ.c23 सेमी.(सजिल्द)